000 00280nam a22001217a 4500
082 _a658.8
_bNEW/M
100 _aNEW WISDOM PUBLICATIONS
245 _aMARKETING MANAGEMENT
260 _aDELHI
_bNEW WISDOM PUBLICATIONS
300 _a234
650 _aEDUCATIONAL
_zINDIA
942 _cBK
999 _c5435
_d5435